|
|
|
|
| LEADER |
00000nam0a2200000 4500 |
| 001 |
352499 |
| 005 |
20231102010514.0 |
| 035 |
|
|
|a (RuTPU)RU\TPU\retro\9113
|
| 035 |
|
|
|a RU\TPU\retro\9109
|
| 090 |
|
|
|a 352499
|
| 100 |
|
|
|a 20200114d1924 k y0rusy50 ca
|
| 101 |
0 |
|
|a rus
|
| 102 |
|
|
|a RU
|
| 105 |
|
|
|a a z 000zy
|
| 200 |
1 |
|
|a О внутреннем трении свинца
|e [оттиск статьи]
|f В. Д. Кузнецов, Л. А. Швирк
|
| 210 |
|
|
|a Томск
|c Томский государственный университет
|d 1924
|
| 215 |
|
|
|a 18 с.
|c ил., табл.
|
| 225 |
1 |
|
|a Известия Томского Государственного Университета
|v Т. 75
|
| 320 |
|
|
|a Библиогр. в примеч.
|
| 606 |
1 |
|
|a Трение внутреннее
|2 stltpush
|3 (RuTPU)RU\TPU\subj\61566
|9 78754
|
| 610 |
1 |
|
|a коллекция ТПУ
|
| 610 |
1 |
|
|a труды учёных ТПУ
|
| 610 |
1 |
|
|a оттиски
|
| 610 |
1 |
|
|a эксперименты
|
| 610 |
1 |
|
|a формулы
|
| 610 |
1 |
|
|a приборы
|
| 610 |
1 |
|
|a опыты
|
| 610 |
1 |
|
|a образцы
|
| 610 |
1 |
|
|a наблюдения
|
| 675 |
|
|
|a 539.67
|v 4
|
| 700 |
|
1 |
|a Кузнецов
|b В. Д.
|c русский физик
|c профессор, академик АН СССР
|c преподавал в ТТИ и на Сибирских высших женских курсах
|c с 1917 преподавал в ТГУ, директор СФТИ (1929-1933, 1937-1960)
|f 1887-1963
|g Владимир Дмитриевич
|2 stltpush
|3 (RuTPU)RU\TPU\pers\18076
|
| 701 |
|
1 |
|a Швирк
|b Л. А.
|
| 801 |
|
1 |
|a RU
|b 63413507
|c 20200114
|
| 801 |
|
2 |
|a RU
|b 63413507
|c 20200114
|g RCR
|
| 942 |
|
|
|c BK
|